[Event "Athens Papanastasio op 12th"]
[Site "Athens"]
[Date "2022.09.17"]
[Round "6"]
[White "Koukas, Anastasios"]
[Black "Stylianou, Aristotelis"]
[Result "0-1"]
[WhiteElo "2038"]
[BlackElo "1309"]
[PlyCount "157"]
[EventDate "2022.09.12"]
[EventType "swiss"]
[EventRounds "7"]
[EventCountry "GRE"]
[SourceTitle "EXT 2023"]
[Source "ChessBase"]
[SourceDate "2022.10.05"]
[SourceVersion "1"]
[SourceVersionDate "2022.10.05"]
[SourceQuality "1"]

1. e4 c5 2. Nf3 g6 3. c3 Nc6 4. d4 cxd4 5. cxd4 d6 6. h3 Bg7 7. Be3 d5 8. e5 f6 9. exf6 Nxf6 10. Bd3 0-0 11. 0-0 Qd6 12. Nc3 Nh5 13. Bc2 e6 14. Ng5 Nf6 15. f4 Bd7 16. Qd2 Rae8 17. Rae1 a6 18. a3 Na5 19. Qf2 Nc4 20. Bd3 Nxe3 21. Qxe3 Ne4 22. Bxe4 dxe4 23. Rd1 Bc6 24. Ngxe4 Qc7 25. Ng5 Qb6 26. Qf2 h6 27. Nge4 Rd8 28. d5 Qxf2+ 29. Rxf2 exd5 30. Nc5 Rfe8 31. Rfd2 d4 32. Na2 a5 33. b4 Re3 34. bxa5 Rxa3 35. Nb4 Rd6 36. Nxc6 Rxc6 37. Nxb7 Rb3 38. a6 Ra3 39. Rb1 Rcxa6 40. Nc5 Rd6 41. Kf2 Rc6 42. Rb8+ Kh7 43. Ne4 Re3 44. Ng3 g5 45. f5 Rxg3 46. Rb7 Rgc3 47. Rxd4 Rc7 48. Rd7 Rxb7 49. Rxb7 Kg8 50. Rd7 h5 51. Rd6 Kf7 52. h4 gxh4 53. Rd5 Kf6 54. Kg1 Bf8 55. Kh2 Ba3 56. Rd1 Bc1 57. Rf1 Kg5 58. f6 Bf4+ 59. Kh1 Rc7 60. Ra1 Be5 61. Rb1 Kxf6 62. Rf1+ Kg5 63. Rd1 Kg4 64. Rf1 Rc3 65. Rb1 Kg3 66. Rf1 Bd4 67. Rf3+ Kg4 68. Rxc3 Bxc3 69. Kh2 Be5+ 70. Kh1 Kg3 71. Kg1 Bd4+ 72. Kh1 Kf2 73. g3 h3 74. Kh2 Bf6 75. Kh1 Kf3 76. Kh2 Kg4 77. Kh1 Be5 78. Kh2 h4 79. Kg1 0-1

[Event "Athens Papanastasio op 12th"]
[Site "Athens"]
[Date "2022.09.15"]
[Round "4"]
[White "Stylianou, Aristotelis"]
[Black "Mourtos, Adrianos"]
[Result "1-0"]
[WhiteElo "1309"]
[BlackElo "1374"]
[PlyCount "39"]
[EventDate "2022.09.12"]
[EventType "swiss"]
[EventRounds "7"]
[EventCountry "GRE"]
[SourceTitle "EXT 2023"]
[Source "ChessBase"]
[SourceDate "2022.10.05"]
[SourceVersion "1"]
[SourceVersionDate "2022.10.05"]
[SourceQuality "1"]

1. d4 Nf6 2. Nf3 b6 3. Bf4 Bb7 4. Nbd2 e6 5. e3 d5 6. Bd3 Nbd7 7. Bg3 c5 8. c3 c4 9. Bc2 Be7 10. Qe2 a5 11. a4 Bc6 12. e4 0-0 13. e5 Ne8 14. h4 Nc7 15. Bxh7+ Kxh7 16. Ng5+ Kg6 17. Ndf3 f6 18. Qc2+ Kh5 19. Qh7+ Kg4 20. Nh2# 1-0